Microcontroller based liquid fuel consumption control / (Record no. 125681)

MARC details
000 -LEADER
fixed length control field 00671nam a2200217 a 4500
008 - FIXED-LENGTH DATA ELEMENTS--GENERAL INFORMATION
fixed length control field
049 ## - LOCAL HOLDINGS (OCLC)
Holding library MAIN
090 ## - LOCALLY ASSIGNED LC-TYPE CALL NUMBER (OCLC); LOCAL CALL NUMBER (RLIN)
Classification number (OCLC) (R) ; Classification number, CALL (RLIN) (NR) TS156.8
Local cutter number (OCLC) ; Book number/undivided call number, CALL (RLIN) BHE
003 - CONTROL NUMBER IDENTIFIER
control field
005 - DATE AND TIME OF LATEST TRANSACTION
control field 20230123121957.0
040 ## - CATALOGING SOURCE
Transcribing agency NUST
100 1# - MAIN ENTRY--PERSONAL NAME
Personal name Bhero, Ernest
245 10 - TITLE STATEMENT
Title Microcontroller based liquid fuel consumption control /
Statement of responsibility, etc. Ernest Bhero.
260 ## - PUBLICATION, DISTRIBUTION, ETC.
Place of publication, distribution, etc. Bulawayo :
Name of publisher, distributor, etc. NUST,
Date of publication, distribution, etc. 2003.
300 ## - PHYSICAL DESCRIPTION
Extent iv, 143p.
Other physical details ill. :
Dimensions 31 cm.
504 ## - BIBLIOGRAPHY, ETC. NOTE
Bibliography, etc. note Includes bibliographical references.
500 ## - GENERAL NOTE
General note Thesis (MSc)---NUST , 2003
700 ## - ADDED ENTRY--PERSONAL NAME
Personal name NUST.
Numeration Dept Of Electronic Engineering.
Title of a work Thesis.
907 ## - LOCAL DATA ELEMENT G, LDG (RLIN)
a .b10325827
b 04-02-16
c 14-01-13
942 ## - ADDED ENTRY ELEMENTS (KOHA)
Koha item type Ordinary Loan Books
Call number prefix TS156.8
Call number suffix BHE
Holdings
Date last seen Total Checkouts Full call number Barcode Cost, replacement price Price effective from Koha item type Lost status Source of classification or shelving scheme Damaged status Not for loan Collection Withdrawn status Home library Current library Shelving location Date acquired Cost, normal purchase price
01/23/2023   TS156.8 BHE 92004009787 80.00 01/23/2023 BOOKS   LCC     NFIC   MAIN MAIN GEN 01/23/2023 80.00